UM Logo

Modulated model predictive control with branch and band scheme for unbalanced load compensation by MMCC-STATCOM / (Record no. 19667)

MARC details
000 -LEADER
fixed length control field 00991nam a22002297a 4500
003 - CONTROL NUMBER IDENTIFIER
control field OSt
005 - DATE AND TIME OF LATEST TRANSACTION
control field 20250924153954.0
008 - FIXED-LENGTH DATA ELEMENTS--GENERAL INFORMATION
fixed length control field 240313b ||||| |||| 00| 0 eng d
040 ## - CATALOGING SOURCE
Transcribing agency 0
082 ## - DEWEY DECIMAL CLASSIFICATION NUMBER
Classification number DPer 621.381 In821 August 2022 v. 37 n. 8
100 ## - MAIN ENTRY--PERSONAL NAME
Personal name Pan, Xuejiao.
Relator term author.
9 (RLIN) 54599
245 ## - TITLE STATEMENT
Title Modulated model predictive control with branch and band scheme for unbalanced load compensation by MMCC-STATCOM /
Statement of responsibility, etc. Xuejiao Pan, Li Zhang, Yongfei Li, Kang Li, and Han Huang.
260 ## - PUBLICATION, DISTRIBUTION, ETC. (IMPRINT)
Place of publication, distribution, etc. New York ;
Name of publisher, distributor, etc. The Institute of Electrical and Electronics Engineers, Inc. ,
Date of publication, distribution, etc. August 2022.
300 ## - PHYSICAL DESCRIPTION
Extent Volume 37, pages 8948-8962 :
Other physical details illustration ;
Dimensions 28 cm.
500 ## - GENERAL NOTE
General note IEEE Transitions on Power Electronics, v. 37 n. 8, pages 8948-8962, August 2022.
700 ## - ADDED ENTRY--PERSONAL NAME
Personal name Pan, Xuejiao.
Relator term author.
9 (RLIN) 54599
700 ## - ADDED ENTRY--PERSONAL NAME
Personal name Zhang, Li.
Relator term author.
9 (RLIN) 54600
700 ## - ADDED ENTRY--PERSONAL NAME
Personal name Li, Yongfei.
Relator term author.Kang Li,
9 (RLIN) 54601
700 ## - ADDED ENTRY--PERSONAL NAME
Personal name Li, Kang.
Relator term author.
9 (RLIN) 54602
700 ## - ADDED ENTRY--PERSONAL NAME
Personal name Huang, Han.
Relator term author.
9 (RLIN) 54603
942 ## - ADDED ENTRY ELEMENTS (KOHA)
Source of classification or shelving scheme Dewey Decimal Classification
Koha item type Periodicals
Holdings
Withdrawn status Lost status Source of classification or shelving scheme Damaged status Not for loan Collection code Home library Current library Date acquired Total Checkouts Full call number Date last seen Price effective from Koha item type Public note
    Dewey Decimal Classification     Periodicals UM Digos College - LIC UM Digos College - LIC 03/13/2024   DPer 621.381 In821 August 2022 v. 37 n. 8 03/13/2024 03/13/2024 Periodicals Periodical Article